ARRUPE JESUIT UNIVERSITY

CORONAVIRUS -STOP THE SPREAD - CLEAN,DISINFECT,COVER

Adventures in Mashonaland (Record no. 34280)

MARC details
000 -LEADER
fixed length control field 00544nam a2200193Ia 4500
003 - CONTROL NUMBER IDENTIFIER
control field ARRUPE
005 - DATE AND TIME OF LATEST TRANSACTION
control field 20170503085029.0
008 - FIXED-LENGTH DATA ELEMENTS--GENERAL INFORMATION
fixed length control field 130303s9999 xx 000 0 und d
040 ## - CATALOGING SOURCE
Transcribing agency ARRUPELIB
050 ## - LIBRARY OF CONGRESS CALL NUMBER
Classification number SPC DT964.M3
Item number B6 1969
100 ## - MAIN ENTRY--PERSONAL NAME
Personal name Blennerhassett, Rose; Sleeman, Lucy
9 (RLIN) 9523
245 ## - TITLE STATEMENT
Title Adventures in Mashonaland
260 ## - PUBLICATION, DISTRIBUTION, ETC. (IMPRINT)
Name of publisher, distributor, etc Books of Rhodesia
Place of publication, distribution, etc Bulawayo
Date of publication, distribution, etc 1969
300 ## - PHYSICAL DESCRIPTION
Extent 340p
440 ## - SERIES STATEMENT/ADDED ENTRY--TITLE
Title Rhodesiana Reprint Library: Gold series No. 8
9 (RLIN) 9524
650 ## - SUBJECT ADDED ENTRY--TOPICAL TERM
Topical term following geographic name as entry element Mashonaland (Zimbabwe)
9 (RLIN) 9525
General subdivision Description and travel
942 ## - ADDED ENTRY ELEMENTS (KOHA)
Source of classification or shelving scheme Library of Congress Classification
Koha item type Monograph ( Printed materials)
Holdings
Withdrawn status Lost status Source of classification or shelving scheme Damaged status Not for loan Collection code Home library Current library Date acquired Total Checkouts Full call number Barcode Date last seen Copy number Price effective from Koha item type Shelving location
    Library of Congress Classification     Main Collection ARRUPE LIBRARY ARRUPE LIBRARY 04/03/2013   SPC DT964.M3B6 1969 46003067902 07/12/2017 1 04/03/2013 Monograph ( Printed materials)  
    Library of Congress Classification     Main Collection ARRUPE LIBRARY ARRUPE LIBRARY     SPC DT964.M3 B6 1969 46500002004 27/03/2014 2 27/03/2014 Monograph ( Printed materials) Main Collection

 

Arrupe Library. PO Box MP320 Mt Pleasant, Harare, Zimbabwe
263 242 745411|librarian@aju.ac.zw